Statistics for Municipalities of Greenland with a Map

Click here to take the quiz!

General Stats

  • This quiz has been taken 175 times
  • The average score is 4 of 5

Answers on the Map

Answers color-coded by a green-red scale on the quiz's map according to % correct below.
 

Answer Stats

Area (km²)Municipality% Correct
522,700Avannaata
93%
531,900Sermersooq
93%
62,400Qeqertalik
89%
115,500Qeqqata
89%
32,000Kujalleq
78%

Score Distribution

Percentile by Number Answered

Percent of People with Each Score

Your Score History

You have not taken this quiz